Global street design guide (Registro nro. 320374)

Detalles MARC
000 -ENCABEZADO
Número de control [NR] 01045nam a22002657a 4500
005 - FECHA Y HORA DE LA ÚLTIMA TRANSACCIÓN
control field 20220120073707.0
008 - DE LONGITUD FIJA DE DATOS DE ELEMENTOS - INFORMACIÓN GENERAL
Elementos de longitud fija [NR] 220120s2015 dcua|||gr|||| 00| 0 eng d
020 ## - NUMERO INTERNACIONAL NORMALIZADO PARA LIBROS [R]
Número Internacional Normalizado del libro [NR] 9781610917018
020 ## - NUMERO INTERNACIONAL NORMALIZADO PARA LIBROS [R]
Número Internacional Normalizado del libro [NR] 1610917014
040 ## - FUENTE DE CATALOGACION [NR]
Agencia de catalogación original [NR] CO-BoUCM
Idioma de catalogación [NR] spa
Quien Cataloga Deissy Garcia
Quien Clasifica Deissy Garcia
041 0# - CODIGO DE IDIOMA [R]
Código de idioma para texto/pista de sonido o título separado [R] Inglés
110 1# - ASIENTO PRINCIPAL--NOMBRE CORPORATIVO [NR]
ID de autoridad 172964
Nombre corporativo o de jurisdicción como elemento de entrada [NR] Global Designing Cities Initiative
245 10 - MENCION DE TITULO [NR]
Título [NR] Global street design guide
Mención de responsabilidad, etc. [NR] Global Designing Cities Initiative, NACTO ; prólogo Michael Bloomberg, Janette Sadik-Khan
260 ## - PUBLICACION, DISTRIBUCION, ETC. (PIE DE IMPRENTA) [R]
Lugar de publicación, distribución, etc. [R] Washington
Nombre del editor, distribuidor, etc. [R] Island Press
Fecha de publicación, distribución, etc. [R] 2015
300 ## - DESCRIPCION FISICA [R]
Extensión [R] xxv, 396 páginas
Otros detalles físicos [NR] fotos, tablas y gráficos
504 ## - NOTA DE BIBLIOGRAFIA, ETC. [R]
Nota de bibliografía, etc. [NR] Incluye referencias bibliográficas e índices
650 #7 - ASIENTO SECUNDARIO DE MATERIA - TERMINO TEMATICO [R]
Término temático o nombre geográfico como elemento de entrada [NR] Infraestructura
Subdivisión general [R] Servicios públicos
9 (RLIN) 172965
650 #7 - ASIENTO SECUNDARIO DE MATERIA - TERMINO TEMATICO [R]
Término temático o nombre geográfico como elemento de entrada [NR] Transporte público
9 (RLIN) 172966
650 #7 - ASIENTO SECUNDARIO DE MATERIA - TERMINO TEMATICO [R]
Término temático o nombre geográfico como elemento de entrada [NR] Calles
Subdivisión general [R] Diseño
-- Planificiación
9 (RLIN) 172967
650 #7 - ASIENTO SECUNDARIO DE MATERIA - TERMINO TEMATICO [R]
Término temático o nombre geográfico como elemento de entrada [NR] Urbanismo
9 (RLIN) 25989
700 ## - ASIENTO SECUNDARIO - NOMBRE PERSONAL [R]
9 (RLIN) 36132
Nombre personal [NR] Bloomberg, Michael R.
Término de relación [R] prólogo
700 ## - ASIENTO SECUNDARIO - NOMBRE PERSONAL [R]
9 (RLIN) 92292
Nombre personal [NR] Sadik-Khan, Janette
Término de relación [R] prólogo
942 ## - ELEMENTOS DE ENTRADA AGREGADOS (KOHA)
Sistema de clasificación DEWEY
Tema principal Sociología
Tipo de ítem principal el descrito en 300a Libro
Edición 1
Clasificación 388.4
Parte restante de la signatura top. G562
Título oculto en OPAC No
Existencias
Fecha de último préstamo Total préstamos Signatura topográfica Código de barras Última vez visto Ejemplar Costo de reposición Price effective from Tipo de ítem Perdido Sistema de clasificación Dañado No prestable Tipo de ítem específico Suprimido Ubicación habitual Ubicación actual Localización Fecha de creación Forma de adquisición Costo
15/03/2024 2 388.4 G562 100168822 05/12/2025 Ej.1 192280.00 20/01/2022 Libro   DEWEY     Libro   Claustro Claustro Mezanine 20/01/2022 Compra 192280.00